00226nam a2200085Ia 4500001000800000005001700008008004100025245003900066260003500105106678320250827001759.0250824s9999 xx 000 0 und d 0aANA BABA VE ÇOCUKcHALUK YAVUZER bREMZİ KİTABEVİ YAYINLARI